000 00873nam a22002657a 4500
003 CHAP
005 20220329140053.0
008 971013s1993 r 10010 d
010 _a46524
011 _a47496
035 _a51638
040 _cCHAP
082 _a634.955
_bI5 1992
111 0 0 _aInternational Consultation on the Development of the ICRAF-MPT-Germplasm Resource Centre (
_d1992
_c: Nairobi)
_959675
245 _aProceedings
260 _aNairobi :
_bInternational Centre for Research in Agroforestry,
_c1993
300 _a228 p.
590 _aBATCH-UPD
_b10
_c20130110
_lUCH01
_h1206
590 _aBATCH-UPD
_b10
_c20130914
_lUCH01
_h1848
590 _aCONVERSION
_b10
_c20130109
_lUCH01
_h1325
650 1 4 _aÁrboles
_xGermoplasma.
_96603
901 _aBK
942 _cLIBRO
949 _a634.955 I5 1992
_bBC
_cLIBRO
_d33724000011060
_eLIBRO
_h89286
_i51638
_mD
_si
999 _c46524
_d46524